书目信息 |
| 题名: |
老查话留学
|
|
| 作者: | 老查 著 | |
| 分册: | ||
| 出版信息: | 北京 世界图书出版公司北京公司 2014 |
|
| 页数: | 322页 | |
| 开本: | 24cm | |
| 丛书名: | ||
| 单 册: | ||
| 中图分类: | G649.1 | |
| 科图分类: | ||
| 主题词: | 留学教育--liu xue jiao yu--世界 | |
| 电子资源: | ||
| ISBN: | 978-7-5100-8668-7 | |
| 000 | 01006nam0 2200265 450 | |
| 001 | 012001003341 | |
| 005 | 20130125163947.0 | |
| 010 | @a978-7-5100-8668-7@dCNY32.00 | |
| 099 | @aCAL 012015005526 | |
| 100 | @a20141106d2014 em y0chiy50 ea | |
| 101 | 0 | @achi |
| 102 | @aCN@b110000 | |
| 105 | @ay z 000yy | |
| 106 | @ar | |
| 200 | 1 | @a老查话留学@Alao cha hua liu xue@e超权威的留学DIY指南@f老查作品 |
| 210 | @a北京@c世界图书出版公司北京公司@d2014 | |
| 215 | @a322页@d24cm | |
| 330 | @a本书从留学的国家选择、专业选择、留学方案和策略、留学中介揭秘、如何自己DIY等方方面面对出国留学进行深度的剖析,全面、深入地回答困扰了学生和家长的系列问题。这是国内目前对出国留学最全面,最深入的一次总结。 | |
| 333 | @a适用于教育研究人员、教育工作者及相关读者。 | |
| 517 | 1 | @a超权威的留学DIY指南@Achao quan wei de liu xue DIY zhi nan |
| 606 | 0 | @a留学教育@Aliu xue jiao yu@y世界 |
| 690 | @aG649.1@v5 | |
| 701 | 0 | @a老查@Alao cha@4著 |
| 801 | 2 | @aCN@b江苏凤凰@c20191020 |
| 905 | @b1217781-4@dG649.1@e1235@f4 | |
| 老查话留学:超权威的留学DIY指南/老查作品.-北京:世界图书出版公司北京公司,2014 |
| 322页;24cm |
| 使用对象:适用于教育研究人员、教育工作者及相关读者。 |
| ISBN 978-7-5100-8668-7:CNY32.00 |
| 本书从留学的国家选择、专业选择、留学方案和策略、留学中介揭秘、如何自己DIY等方方面面对出国留学进行深度的剖析,全面、深入地回答困扰了学生和家长的系列问题。这是国内目前对出国留学最全面,最深入的一次总结。 |
| ● |
| 相关链接 |
|
|
|
|
正题名:老查话留学
索取号:G649.1/1235
 
预约/预借
| 序号 | 登录号 | 条形码 | 馆藏地/架位号 | 状态 | 备注 |
| 1 | 1217781 | 212177810 | 第一样本阅览室/ [索取号:G649.1/1235] | 在馆 | |
| 2 | 1217782 | 212177829 | 教育系资料室/ [索取号:G649.1/1235] | 在馆 | |
| 3 | 1217783 | 212177838 | 教育系资料室/ [索取号:G649.1/1235] | 在馆 | |
| 4 | 1217784 | 212177847 | 第四借阅区/ [索取号:G649.1/1235] | 在馆 |